000 01516nam a2200217Ia 4500
003 Ost
005 20260507075536.0
008 260507s9999||||xx |||||||||||||| ||und||
020 _a97735006610
040 _cfsecg
041 _aara
100 _aمصطفى، كمال الدين
_eمؤلف
245 0 _aمحاسبة الشركات :
_bتحليل النظم و المشاكل المحاسبية /
_c كمال الدين مصطفى
260 _aالإسكندرية:
_bدار الكتاب الحديث,
_c2008
300 _a424 صفحة؛
_bإيضاحات ؛
_c24 سم
520 _aيضم المشاكل المحاسبية المعاصرة، طبيعة النظام المحاسبي وعناصره، إعداد القوائم المالية المحاسبية عن الفروع المحلية، المحاسبة عن المعاملات بالعملة الأجنبية، ترجمة القوائم المالية المقاسة بالعملة الأجنبية، التصميم المحاسبي العام في الجمهورية اللبنانية، الملامح الرئيسية للتصميم المحاسبي العام، مجالات التوحيد والإلتزام في التصميم المحاسبي العام، الميزانية وفق النظام المختصر، حسابات النتيجة وفقا للنظام المختصر
653 _aالشركات- محاسبة
653 _aالمحاسبة
700 _aسمير، محمد وآخرون
_eمؤلف ثانوي
942 _cكتاب
999 _c44842
_d44842